LEADER 01219nam a2200265 i 4500 001 991000579169707536 005 20020506132529.0 008 000908s1967 fr ||| | fre 035 $ab10720790-39ule_inst 035 $aEXGIL148035$9ExL 040 $aBiblioteca Interfacoltà$bita 082 0 $a574.0712 100 1 $aLeclercq, Jean$086853 245 14$aLes voies qui conduisent à une qualification de biologiste dans les universités européennes /$cJeanLeclercq ; [a cura del] Conseil de la coopération culturelle du Conseil d'Europe 260 $aStrasbourg :$bConseil de l'Europe,$c1967 300 $a236 p. ;$c23 cm. 440 2$aL'éducation en Europe. Sér. 1, Enseignement supérieur et recherche ;$v4 650 4$aBiologia - Insegnamento$zEuropa 710 2 $aConsiglio d'Europa :$bCouncil for cultural co-operation 907 $a.b10720790$b02-04-14$c28-06-02 912 $a991000579169707536 945 $aLE002 Ped. I C 13$g1$i2002000487308$lle002$o-$pE0.00$q-$rl$s- $t0$u0$v0$w0$x0$y.i10817670$z28-06-02 996 $aVoies qui conduisent à une qualification de biologiste dans les universités européennes$9912742 997 $aUNISALENTO 998 $ale002$b01-01-00$cm$da $e-$ffre$gfr $h4$i1 LEADER 01187oam 2200397zu 450 001 9910872524003321 005 20241212214923.0 035 $a(CKB)111026746726224 035 $a(SSID)ssj0000506963 035 $a(PQKBManifestationID)12182952 035 $a(PQKBTitleCode)TC0000506963 035 $a(PQKBWorkID)10532263 035 $a(PQKB)10851062 035 $a(NjHacI)99111026746726224 035 $a(EXLCZ)99111026746726224 100 $a20160829d1999 uy 101 0 $aeng 135 $aur||||||||||| 181 $ctxt 182 $cc 183 $acr 200 10$aComputers in Cardiology 210 31$a[Place of publication not identified]$cI E E E$d1999 215 $a1 online resource (748 pages) 300 $aBibliographic Level Mode of Issuance: Monograph 311 08$a9780780356146 311 08$a0780356144 606 $aCardiology$xData processing$vCongresses 615 0$aCardiology$xData processing 676 $a616.12002854 712 02$aIEEE, Institute of Electrical and Electronics Engineers, Inc. Staff 801 0$bPQKB 906 $aPROCEEDING 912 $a9910872524003321 996 $aComputers in cardiology$91895857 997 $aUNINA